[Event "FIDE WCC 2018"]
[Site "Khanty-Mansiysk"]
[Date "2018.11.04"]
[Round "1.2"]
[White "Mkrtchian, Lilit"]
[Black "Ushenina, Anna"]
[Result "1/2-1/2"]
[WhiteElo "2396"]
[BlackElo "2440"]
[Annotator "TA"]
[PlyCount "110"]
[EventDate "2018.11.03"]
[EventType "k.o."]
[EventCountry "RUS"]
[SourceTitle "playchess.com"]
[Source "ChessBase"]
[SourceQuality "1"]

{[%evp 27,110,56,49,39,66,57,78,66,221,208,231,170,202,215,210,112,114,108,135,133,130,116,111,99,112,100,106,107,98,109,110,72,103,113,108,0,118,118,118,118,120,122,123,123,134,118,130,119,150,151,149,0,125,0,154,119,174,167,170,168,134,48,46,54,54,54,54,54,54,0,0,0,0,0,0,0,0,0,0,0,0,0,0,0,0]} 1. e4 c5 2. Nf3 Nc6 3. d4 cxd4 4. Nxd4 g6 5. c4 d6 6. Nc3 Nxd4 7. Qxd4 Nf6 8. f3 Bg7 9. Be3 O-O 10. Qd2 Be6 11. Rc1 a6 {B36: Sizilianisch (Maroczy-Aufbau)} (11... Qa5 12. b3 Rfc8 13. Be2 a6 14. Na4 Qxd2+ 15. Kxd2 Nd7 16. g4 f5 17. gxf5 gxf5 18. Rhg1 Kh8 19. Bd3 f4 20. Bf2 Bf6 21. Nb6 Nxb6 22. Bxb6 Rg8 23. a4 Rxg1 24. Rxg1 a5 {½-½ (75) Malakhov,V (2686)-Guseinov,G (2646) Riadh 2017}) 12. b3 Rc8 13. Be2 Qa5 14. O-O Rfe8 {LiveBook: 14 Partien} 15. Kh1 Bd7 16. Rfd1 $146 ({Vorgänger:} 16. Nd5 Qxd2 17. Bxd2 Nxd5 18. cxd5 {½-½ (31) Van Tariro,M-Gubba,T Al Ain 2013}) 16... Qh5 17. g4 Qh3 $2 (17... Qa5 $14) 18. Rg1 $1 $18 {[%cal Rg1g3]} h6 19. Rg3 Qh4 {[#]} 20. Kg2 $1 Nh7 {[#]} 21. Rh3 (21. Nd5 $1 $18 e6 22. Rh3 Qxh3+ 23. Kxh3 exd5 24. Qxd5) 21... Qf6 $16 22. Nd5 Qe5 23. Bxh6 Bxh6 24. Qxh6 Qg7 25. Qxg7+ Kxg7 26. Nb6 Rc7 27. Nxd7 Rxd7 28. f4 g5 29. Rf3 gxf4 30. Rxf4 Ng5 31. Bd3 ({Besser ist} 31. h4 $16 e5 32. Rf5 Nxe4 33. Bf3) 31... e5 (31... Rh8 $11 {bleibt in der Remisbreite.}) 32. Rf5 Ne6 33. Kg3 Nf4 34. Bf1 f6 35. h4 Rh8 36. Rc2 Rdd8 37. Rh2 Rdg8 38. Rd2 Rd8 39. Rh2 Rdg8 $1 40. Rd2 Rd8 41. b4 Kg6 (41... Ne6 $16 {war einen Versuch wert.} 42. Rff2 b6) 42. g5 $18 fxg5 43. Rxg5+ Kh6 44. c5 (44. Bh3 $16) 44... Ne6 $14 45. Rf5 {Und weiter mit Tf6+ wäre nett.} Rhg8+ 46. Kh2 {Schwarz muss nun Lc4 beachten.} Nd4 47. Rf6+ $1 Rg6 48. Rdf2 ({Lieber} 48. Rxg6+ $1 $14 Kxg6 49. Kh3) 48... dxc5 $11 {Die Stellung ist ausgeglichen.} 49. bxc5 Rc8 $1 50. Rf7 Rxc5 51. Rxb7 Rc2 52. Rxc2 Nf3+ $1 53. Kh3 Ng1+ 54. Kh2 Nf3+ 55. Kh3 Ng1+ {Precision: Weiß = 51%, Schwarz = 56%.} 1/2-1/2

[Event "FIDE WCC 2018"]
[Site "Khanty-Mansiysk"]
[Date "2018.11.04"]
[Round "1.2"]
[White "Zhukova, Natalia"]
[Black "Ni, Shiqun"]
[Result "0-1"]
[WhiteElo "2375"]
[BlackElo "2436"]
[Annotator "TA"]
[PlyCount "80"]
[EventDate "2018.11.03"]
[EventType "k.o."]
[EventCountry "RUS"]
[SourceTitle "playchess.com"]
[Source "ChessBase"]
[SourceQuality "1"]

{[%evp 18,80,37,19,25,20,17,8,11,11,0,7,12,0,0,-7,0,0,2,-42,-36,-38,-25,-33,-37,-27,-19,-31,-32,-143,-100,-138,-185,-167,-186,-166,-157,-173,-40,-58,-58,-47,-54,-47,0,0,0,-341,-303,-322,-312,-406,-152,-386,-415,-442,-448,-603,-592,-29990,-29991,-29991,-645,-29992,-29993]} 1. d4 d5 2. c4 c6 3. cxd5 cxd5 4. Bf4 e6 5. Nc3 Bd6 6. Bxd6 {D10: Damengambit (Slawische Verteidigung)} Qxd6 7. e3 Ne7 8. Bd3 Nbc6 9. Nf3 (9. f4 Bd7 10. Nf3 f6 11. O-O O-O 12. Rc1 Be8 13. Nh4 {0-1 (39) Dragun,K (2568)-Li,C (2708) Batumi 2018}) 9... O-O 10. O-O {LiveBook: 4 Partien} Bd7 11. Rc1 f6 12. e4 $146 ({Vorgänger:} 12. a3 Be8 13. Qc2 h6 14. b4 {½-½ (58) Krush,I (2422)-Foisor,S (2308) Saint Louis 2018}) 12... Be8 13. exd5 exd5 14. Ne2 Rd8 15. Ng3 Bg6 16. Bxg6 hxg6 17. Qd3 Qf4 18. Qe3 Qxe3 19. fxe3 Rfe8 20. Rc3 Nc8 21. Nd2 Nd6 22. Rfc1 g5 23. Rc5 (23. a3 $15) 23... Nb4 {Droht stark ...Sd3.} 24. R1c3 b6 (24... Nxa2 $6 25. Rb3 $11) 25. Rc7 Nb5 (25... Nxa2 26. Rb3 $11) 26. Nf5 Nxc7 (26... Nxc3 27. bxc3 Nxa2 28. c4 $17) 27. Rxc7 Kh8 ({Auf keinen Fall} 27... Nxa2 28. Rxg7+ Kh8 29. Rxa7 $15) (27... Kf8 $19 {zielt auf ...g6 ab.} 28. Rxg7 {[#]} Rxe3 $1 {[%mdl 512]}) 28. Nf1 $1 $15 Rc8 29. Rxg7 Nd3 $36 {[%mdl 2048] Schwarz kämpft um Vorteil.} 30. Rxa7 Rc2 (30... Ra8 $5 {[%cal Ra8a7]} 31. Rb7 Reb8 32. Rxb8+ Rxb8 $17) 31. Ne7 $1 Ne1 32. g3 $2 {[%mdl 8192] [#]} (32. Ng3 $11 Kh7 33. Nxd5+ Kg6 34. Ne7+ Rxe7 35. Rxe7) 32... Nf3+ $19 ({Nicht} 32... Rxb2 33. Nxd5 Nf3+ 34. Kh1 $19) 33. Kh1 Rf2 ({Bloß nicht} 33... Rxb2 34. Ng6+ Kg8 35. Ne7+ Rxe7 36. Rxe7 $19) 34. h3 Rxf1+ 35. Kg2 Nd2 36. Nxd5 Rc8 37. e4 Rcc1 38. e5 Ne4 {[%csl Ge4][%cal Rf1f2]} 39. Ra8+ Kh7 (39... Kg7 $142 40. exf6+ Kg6 41. h4 gxh4 42. Re8 Rg1+ 43. Kf3 Rxg3+ 44. Kf4 Rf1+ 45. Ke5 Nxf6 46. Nxf6 Rxf6 47. Rg8+ Kh5 48. Rc8 Rh6 49. Kf4 Rg4+ 50. Kf5 Rxd4 51. b3 h3 52. Rc1 h2 53. a4 Kh4 54. Rh1 Kg3 55. Ke5 Rdd6 56. Rf1 Rhe6+ 57. Kf5 Rf6+ 58. Ke5 Rxf1 59. Kxd6 h1=Q 60. Kd7 Rf6 61. Ke7 Qh8 62. Kd7 Qg7+ 63. Ke8 Rf8#) 40. Ra7+ Kh6 {Precision: Weiß = 45%, Schwarz = 77%.} 0-1

[Event "FIDE WCC 2018"]
[Site "Khanty-Mansiysk"]
[Date "2018.11.04"]
[Round "1.2"]
[White "Arakhamia-Grant, Ketevan"]
[Black "Batsiashvili, Nino"]
[Result "0-1"]
[WhiteElo "2373"]
[BlackElo "2465"]
[Annotator "TA"]
[PlyCount "138"]
[EventDate "2018.11.03"]
[EventType "k.o."]
[EventCountry "RUS"]
[SourceTitle "playchess.com"]
[Source "ChessBase"]
[SourceQuality "1"]

{[%evp 21,138,0,0,-16,-9,-49,-19,-66,-70,-90,-97,-93,-94,-90,-89,-99,-55,-79,-36,-94,-62,-139,-134,-156,-60,-52,-20,-39,-27,-52,-43,-48,-72,-134,-115,-136,-150,-176,-175,-186,-153,-176,-173,-217,-221,-217,-222,-222,-223,-213,-214,-224,-212,-261,-243,-386,-389,-372,-366,-376,-352,-396,-396,-410,-396,-507,-514,-509,-523,-529,-527,-536,-513,-568,-515,-495,-499,-505,-490,-474,-502,-528,-486,-493,-452,-607,-602,-619,-615,-594,-574,-734,-724,-795,-786,-707,-574,-763,-726,-1972,-1891,-2704,-2625,-2633,-2496,-2572,-1929,-29984,-29985,-29985,-29986,-29986,-29986,-29986,-29987,-29984,-29985,-29991,-29992]} 1. e4 e6 2. d3 d5 3. Nd2 b6 4. Ngf3 Nf6 5. g3 dxe4 6. dxe4 Bb7 7. Qe2 Nc6 8. c3 {C00: French: Unusual White 2nd moves} a5 9. Bg2 (9. Nc4 a4 10. e5 Nd7 11. Bf4 Na5 12. Ncd2 Be7 13. h4 Nc5 14. Rd1 Qd7 15. Be3 O-O-O 16. Bxc5 Bxc5 {0-1 (50) Petrosian,T (2654)-Grigoryan,A (2571) Yerevan 2014}) 9... Ba6 10. Nc4 e5 11. O-O Bc5 {LiveBook: 3 Games} 12. b3 O-O 13. Bb2 $146 ({Predecessor:} 13. Nh4 b5 14. Ne3 b4 15. c4 Nd4 {0-1 (39) Fouad,M (2201)-Hassan,A (2352) Amman 2008}) 13... Ne8 14. Rfd1 Nd6 15. Qc2 Bxc4 16. bxc4 Qf6 17. Qe2 a4 {[%cal Ba5a4,Ba4a3][%mdl 32]} 18. Rd5 a3 19. Bc1 Ra4 20. h4 (20. Bg5 Qe6 $17) ({White should try} 20. Bh3 $15) 20... h6 21. Nh2 ({Better is} 21. Nd2 $15) 21... Qe6 $36 {[%mdl 2048] White is under strong pressure.} 22. Ng4 h5 (22... Rxc4 $17 23. Ne3 Rxc3) 23. Ne3 $15 g6 24. Kh2 Ne7 25. Rd1 Bxe3 $1 ({But not} 25... Nxc4 $6 26. Bh3 $16) 26. Bxe3 Qxc4 27. Qc2 (27. Qd2 $142) 27... Nxe4 $17 28. Bf1 Qc6 29. Qb3 {[#] Black must now prevent Bb5.} Ra5 ({And not} 29... Nxc3 30. Rac1 $14) 30. Bg2 {And now Qb4 would win.} Nf5 31. Re1 Nfd6 32. Bg5 {intending Be7.} Qa4 ({Don't play} 32... Qxc3 33. Bxe4 Nxe4 34. Qxc3 $17) 33. Qxa4 Rxa4 34. Be7 Nxf2 35. Bxf8 Kxf8 36. Kg1 Ng4 37. Rad1 Rc4 38. Rc1 (38. Bf1 $142 Rxc3 39. Rd3) 38... Nf5 $19 39. Bd5 Rc5 40. c4 Nxg3 41. Rc3 Nf5 42. Rxa3 Kg7 43. Rf3 c6 44. Be4 Nd4 45. Rc3 f5 46. Bg2 e4 47. Kf1 Ne5 48. Rd1 {[#]} Nb5 $1 {[%mdl 512]} 49. Rcc1 (49. cxb5 Rxc3) 49... Rxc4 50. Rxc4 Nxc4 {[%mdl 4096] Endgame KRB-KNN} 51. Rc1 Nbd6 52. Kf2 b5 53. Kg3 Kf6 54. Kf4 Ne5 {Strongly threatening ...Nd3+.} 55. Bf1 Nb7 56. a3 Nd8 57. Be2 Ne6+ 58. Ke3 Ke7 59. Rd1 Ng4+ 60. Bxg4 hxg4 {KR-KN} 61. Rf1 Kf6 62. Rc1 Ke5 63. Rxc6 f4+ {[%cal Bf5f4,Bf4f3,Bf3f2][%mdl 32]} 64. Kf2 e3+ {[%cal Be4e3,Be3e2][%mdl 32] Black mates.} 65. Kg2 f3+ 66. Kg3 Nd4 67. Rc8 Nf5+ 68. Kxg4 f2 69. Rc1 e2 {Precision: White = 38%, Black = 70%.} 0-1

[Event "FIDE WCC 2018"]
[Site "Khanty-Mansiysk"]
[Date "2018.11.04"]
[Round "1.2"]
[White "Matnadze, Ana"]
[Black "Saduakassova, Dinara"]
[Result "1/2-1/2"]
[WhiteElo "2372"]
[BlackElo "2474"]
[Annotator "TA"]
[PlyCount "27"]
[EventDate "2018.11.03"]
[EventType "k.o."]
[EventCountry "RUS"]
[SourceTitle "playchess.com"]
[Source "ChessBase"]
[SourceQuality "1"]

{[%evp 14,17,40,4,0,3]} 1. d4 Nf6 2. Nf3 e6 3. g3 b5 4. Bg2 Bb7 5. O-O c5 6. Bg5 Be7 {A46: 1 d4 Nf6 2 Nf3 e6: Torre, London and Colle Systems} 7. dxc5 Bxc5 8. Nc3 {LiveBook: 3 Games} (8. Qd3 a6 9. a4 b4 10. Nbd2 h6 11. Bxf6 Qxf6 12. Nb3 Be7 13. Na5 Bxf3 14. Bxf3 {1-0 (51) Matlakov,M (2714)-Geller,J (2505) Sochi 2017}) 8... a6 9. e4 {Predecessor:} h6 $146 10. Bxf6 Qxf6 11. e5 Qe7 12. Qd3 d5 13. exd6 Qxd6 14. Qe2 {½-½ (64) Ribic,K (2295)-Drasko,M (2510) Neum 2005} 1/2-1/2

[Event "FIDE WCC 2018"]
[Site "Khanty-Mansiysk"]
[Date "2018.11.04"]
[Round "1.2"]
[White "Gara, Anita"]
[Black "Lei, Tingjie"]
[Result "1/2-1/2"]
[WhiteElo "2370"]
[BlackElo "2457"]
[Annotator "RC"]
[PlyCount "21"]
[EventDate "2018.11.03"]
[EventType "k.o."]
[EventCountry "RUS"]
[SourceTitle "playchess.com"]
[Source "ChessBase"]
[SourceQuality "1"]
[TimeControl "40/5400+30:1800+30"]

1. e4 {[%emt 0:00:00]} e5 {[%emt 0:00:00]} 2. Nf3 {[%emt 0:00:00]} Nc6 {[%emt 0:00:00]} 3. Bc4 {[%emt 0:00:00]} Bc5 {[%emt 0:00:02]} 4. d3 {[%emt 0:02:39]} Nf6 {[%emt 0:00:50]} 5. O-O {[%emt 0:00:11]} d6 {[%emt 0:00:31]} 6. c3 {[%emt 0:00:25]} h6 {[%emt 0:01:22]} 7. Re1 {[%emt 0:03:01]} O-O {[%emt 0:01:08]} 8. h3 {[%emt 0:00:56]} a6 {[%emt 0:01:09]} 9. a4 {[%emt 0:00:06]} Re8 {[%emt 0:00:15]} 10. Nbd2 {[%emt 0:01:41]} Be6 {[%emt 0:00:41]} 11. Bxe6 {[%emt 0:13:14]} 1/2-1/2

[Event "FIDE WCC 2018"]
[Site "Khanty-Mansiysk"]
[Date "2018.11.04"]
[Round "1.2"]
[White "Lujan, Carolina"]
[Black "Zhao, Xue"]
[Result "0-1"]
[WhiteElo "2364"]
[BlackElo "2478"]
[Annotator "TA"]
[PlyCount "124"]
[EventDate "2018.11.03"]
[EventType "k.o."]
[EventCountry "RUS"]
[SourceTitle "playchess.com"]
[Source "ChessBase"]
[SourceQuality "1"]

{[%evp 17,124,0,31,0,35,33,46,8,14,6,23,6,22,0,18,27,36,0,0,0,0,0,6,6,13,0,0,0,11,0,18,0,6,-118,-116,-112,0,0,0,-5,0,0,0,-8,-6,-8,-7,-65,-63,-85,-60,-102,-95,-96,-97,-65,0,-6,-9,-60,-9,-83,-45,-83,-83,-83,-83,-95,-83,-93,-92,-287,-265,-199,-204,-162,-66,-341,-341,-385,-369,-379,-304,-376,-371,-369,-388,-365,-388,-381,-377,-379,-380,-380,-368,-352,-326,-618,-581,-549,-385,-376,-339,-410,-258,-197,-182,-29989,-29990]} 1. e4 e5 2. Nf3 Nc6 3. Bc4 Bc5 4. d3 Nf6 5. O-O d6 6. c3 a6 7. Bb3 Ba7 8. Be3 O-O {C54: Giuoco Piano: 4 c3 Nf6, main lines with 5 d4 and 5 d3} 9. Nbd2 Be6 {LiveBook: 6 Games} (9... Ne7 10. Bxa7 Rxa7 11. Nh4 a5 12. f4 a4 13. Bc2 Ng4 14. Qe2 Nc6 15. g3 Kh8 16. f5 {½-½ (38) Alekseev,E (2617)-Boruchovsky,A (2542) Batumi 2018}) 10. Bc2 d5 {The position is equal.} 11. Bxa7 $146 {aiming for Bc5.} ({Predecessor:} 11. Bg5 Qd6 12. Bxf6 gxf6 13. Nh4 Kh8 14. Qf3 Qd8 15. exd5 f5 16. Nxf5 Qg5 17. Ne3 Bd7 18. dxc6 Bxc6 19. Ne4 Qg6 20. Nf5 Rae8 21. Bb3 a5 22. a4 {1-0 (22) Barua,D (2491)-Singh,D (2326) Kolkata 2008}) 11... Rxa7 12. exd5 Nxd5 13. Re1 Nf4 $1 14. Ne4 h6 15. b4 Re8 16. a4 Ng6 17. b5 axb5 18. axb5 Rxa1 19. Qxa1 Nb8 20. d4 {Black should prevent Nc5.} Nd7 21. Ng3 exd4 22. Nxd4 Ndf8 23. h3 Nh4 24. Qa4 Bd5 25. Rxe8 (25. Rd1 $11 Nxg2 26. Nf3 $1 {[%mdl 512]}) 25... Qxe8 $17 26. Nde2 Qe7 (26... Nxg2 $17 27. Be4 Bxe4 28. Qxe4 Qxe4 29. Nxe4 Nh4) 27. Be4 $11 Bxe4 28. Nxe4 b6 29. Nf4 Qe5 30. Ne2 Ne6 31. Qc4 Ng6 32. N2g3 ({White should try} 32. Nd2 $11) 32... Ngf4 $15 33. Qc6 Kh7 34. Qd7 f5 35. Nd2 Qe1+ 36. Ndf1 Qe5 (36... Qxc3 $15 37. Nxf5 Qd3 38. Qxd3 Nxd3) 37. Qf7 Qxc3 38. Qxf5+ (38. Nxf5 $11 Qc1 39. N5g3) 38... Kh8 (38... Kg8 $1 $15) 39. Ne4 (39. Ne3 $11 {keeps the balance.}) 39... Qc1 $40 {[%mdl 128] Black attacks.} 40. g3 Ne2+ 41. Kg2 N2d4 42. Qe5 Qc4 43. Ne3 Qxb5 44. Nd5 $2 (44. Qxb5 $17 {might work better.} Nxb5 45. f4) 44... Qe2 $19 45. Nf4 Qf3+ 46. Kh2 {[#]} Qd1 ({Stronger than} 46... Nxf4 47. Qe8+ Kh7 48. Nf6+ $1 {[%mdl 512]} gxf6 49. Qf7+ Kh8 50. Qf8+ Kh7 51. Qf7+ Kh8 52. Qf8+ Kh7 53. Qf7+ $11) (46... Qxf4 $1 $19 {[%mdl 512]} 47. gxf4 (47. Qxf4 Nxf4) 47... Nf3+ 48. Kg3 Nxe5 49. fxe5 Kg8) 47. Ng6+ $2 {[%mdl 8192]} (47. Kg2 $1 $15 Qf3+ 48. Kh2 Qxf4 49. gxf4 Nf3+ 50. Kg3 Nxe5 51. fxe5) 47... Kh7 {Strongly threatening ...Nf3+.} 48. Nh4 Qe2 49. Kg2 Kg8 50. g4 g5 51. Ng6 {White wants to mate with Qh8+.} Qf3+ $1 52. Kh2 {[#] Black must now prevent Qh8+.} Kh7 $1 {[%cal Rh7g6]} 53. Ne7 {[#] and the idea Nc6 leaves White hopeful.} Qxf2+ $1 {[%mdl 512]} 54. Nxf2 {Intending Qf6 and mate.} Nf3+ 55. Kg3 Nxe5 {[%mdl 4096] Endgame KNN-KNN} 56. Ne4 c5 {[%cal Bc7c5,Bc5c4,Bc4c3][%mdl 32]} 57. h4 $2 (57. Kg2) 57... gxh4+ 58. Kxh4 b5 59. Nd5 c4 60. Nd6 Nd4 61. Kh5 {[#]} Nef3 $1 62. Nc7 $2 (62. Nc3 $19) 62... c3 {Precision: White = 23%, Black = 55%.} 0-1

[Event "FIDE WCC 2018"]
[Site "Khanty-Mansiysk"]
[Date "2018.11.04"]
[Round "1.2"]
[White "Khukhashvili, Sopiko"]
[Black "Harika, Dronavalli"]
[Result "1/2-1/2"]
[WhiteElo "2316"]
[BlackElo "2498"]
[Annotator "TA"]
[PlyCount "120"]
[EventDate "2018.11.03"]
[EventType "k.o."]
[EventCountry "RUS"]
[SourceTitle "playchess.com"]
[Source "ChessBase"]
[SourceQuality "1"]

{[%evp 21,120,-37,-35,-38,6,-26,-12,-31,-7,-41,-46,-30,-28,-39,-34,-40,-39,-46,-43,-43,-44,-52,-43,-107,-107,-108,-98,-119,-120,-119,-106,-149,-141,-158,-154,-153,-148,-190,-202,-183,-183,-240,-240,-239,-60,-53,-53,-55,-60,-68,-61,-89,-87,-123,-136,-130,-60,-61,-62,-70,0,0,0,0,0,0,0,0,0,0,0,0,0,0,0,0,0,0,0,0,0,0,0,0,0,0,0,0,0,0,0,0,0,0,0,0,0,0,0,0,0]} 1. e4 e5 2. Nf3 Nf6 3. d3 Nc6 4. Be2 d5 5. Nbd2 Bc5 6. O-O O-O 7. c3 a5 8. a4 Re8 {C44: Ponziani Opening and Scotch Gambit} 9. Qc2 h6 10. h3 Ba7 (10... Be6 11. Re1 d4 12. Nf1 Nd7 13. Ng3 Bf8 14. cxd4 exd4 15. Nd2 Nc5 16. b3 {½-½ (78) Grischuk,A (2761)-Caruana,F (2808) Paris 2017}) 11. Re1 Be6 {LiveBook: 3 Games} 12. Nf1 Nh5 $146 ({Predecessor:} 12... Qd7 13. Ng3 Bxh3 14. gxh3 Qxh3 {0-1 (49) Friedland,J (2148)-Jones,R (2391) Amersham 2012}) 13. Nxe5 (13. exd5 {is more complex.} Qxd5 14. Be3 Bxe3 15. Nxe3 Qd8 16. d4) 13... Nxe5 14. d4 Qh4 (14... Nf6 {seems wilder.} 15. exd5 Qxd5 16. dxe5 Qxe5 17. Be3 Bxe3 18. Nxe3 Qg5) 15. Bxh5 Qxh5 16. dxe5 Qxe5 17. Be3 Qxe4 18. Qxe4 dxe4 19. Bxa7 Rxa7 20. Rxe4 Rd8 21. Re2 Ra6 22. Nd2 (22. Re5 $15) 22... Rad6 $17 23. Nf3 {[#]} c5 $1 24. Re5 b6 25. Ree1 f6 26. Kh2 Kf7 27. Kg3 Rd3 28. Re2 Bb3 29. Ra3 Bc4 30. Re4 Bd5 31. Re2 (31. Re3 $142 Rd1 32. Nh4) 31... g5 $19 32. Rd2 Bxf3 $2 (32... Be6 $19 33. Re2 h5) 33. Rxd3 $15 Rxd3 34. gxf3 $19 {[%mdl 4096] Endgame KR-KR} c4 35. Ra1 Rd2 36. Rb1 Rc2 37. Rd1 Rxb2 38. Rd4 b5 ({Black should try} 38... Ke6 $17 39. Rxc4 Ra2 40. Rc6+ Kf5) 39. axb5 $15 Rxb5 40. Rxc4 Rb7 (40... Rf5 $15) 41. f4 $11 {The position is equal.} Ra7 42. Ra4 Ke6 43. fxg5 fxg5 44. Kg4 Kd5 45. Kf5 Ra6 46. f4 gxf4 47. Kxf4 Kc5 48. Ke3 Kb5 49. Rf4 a4 50. Kd3 a3 {[#] Strongly threatening ...a2.} 51. Rf5+ Ka4 52. Kc2 Rb6 {aiming for ...a2.} (52... a2 $5 53. Kb2 $8 a1=Q+ 54. Kxa1 Kb3+ 55. Kb1 Rd6 $11) 53. Rf4+ Ka5 54. Rf5+ Ka4 55. Rf4+ Ka5 {Threatens to win with ...a2.} 56. Rf5+ Ka6 57. Rf8 Rb2+ 58. Kc1 Rh2 {White must now prevent ...a2.} 59. Ra8+ Kb5 {And now ...a2 would win.} 60. Rxa3 Kc4 {Precision: White = 64%, Black = 66%.} 1/2-1/2

[Event "FIDE WCC 2018"]
[Site "Khanty-Mansiysk"]
[Date "2018.11.04"]
[Round "1.2"]
[White "Kulkarni Bhakti"]
[Black "Pogonina, Natalija"]
[Result "1/2-1/2"]
[WhiteElo "2256"]
[BlackElo "2465"]
[Annotator "RC"]
[PlyCount "106"]
[EventDate "2018.11.03"]
[EventType "k.o."]
[EventCountry "RUS"]
[SourceTitle "playchess.com"]
[Source "ChessBase"]
[SourceQuality "1"]
[TimeControl "40/5400+30:1800+30"]

1. d4 {[%emt 0:00:00]} d5 {[%emt 0:00:00]} 2. c4 {[%emt 0:00:12]} e6 {[%emt 0:00:00]} 3. Nc3 {[%emt 0:00:23]} Be7 {[%emt 0:00:03]} 4. cxd5 {[%emt 0:00:34]} exd5 {[%emt 0:00:04]} 5. Bf4 {[%emt 0:00:16]} Nf6 {[%emt 0:01:01]} 6. e3 {[%emt 0:00:59]} Bf5 {[%emt 0:01:28]} 7. Qb3 {[%emt 0:02:04]} Nc6 {[%emt 0:00:11]} 8. g4 {[%emt 0:01:00]} Nxg4 {[%emt 0:01:25]} 9. Qxd5 {[%emt 0:00:28]} Qxd5 {[%emt 0:01:50]} 10. Nxd5 {[%emt 0:00:03]} Bb4+ {[%emt 0:00:27]} 11. Nc3 {[%emt 0:05:55]} O-O-O {[%emt 0:19:03]} 12. a3 {[%emt 0:02:19]} Bd6 {[%emt 0:10:27]} 13. Bxd6 {[%emt 0:02:50]} cxd6 {[%emt 0:00:59]} 14. Bg2 {[%emt 0:04:41]} Rhe8 {[%emt 0:07:00]} 15. Nge2 {[%emt 0:03:19]} Nf6 {[%emt 0:01:38]} 16. Ng3 {[%emt 0:07:04]} Bg6 {[%emt 0:06:53]} 17. O-O {[%emt 0:00:49]} Kb8 {[%emt 0:09:27]} 18. b4 {[%emt 0:00:59]} d5 {[%emt 0:05:29]} 19. Rac1 {[%emt 0:04:37]} Ne7 {[%emt 0:02:13]} 20. Rfd1 {[%emt 0:02:48]} Nf5 {[%emt 0:02:45]} 21. Nce2 {[%emt 0:14:45]} Nxg3 {[%emt 0:01:06]} 22. Nxg3 {[%emt 0:04:56]} Ne4 {[%emt 0:04:46]} 23. Bh3 {[%emt 0:03:53]} Re7 {[%emt 0:05:38]} 24. Nf5 {[%emt 0:03:24]} Bxf5 {[%emt 0:00:34]} 25. Bxf5 {[%emt 0:00:03]} g6 {[%emt 0:00:36]} 26. Bh3 {[%emt 0:00:23]} f5 {[%emt 0:01:24]} 27. Bg2 {[%emt 0:03:48]} Rc7 {[%emt 0:04:48]} 28. Rxc7 {[%emt 0:01:20]} Kxc7 {[%emt 0:00:04]} 29. Rc1+ {[%emt 0:01:28]} Kd6 {[%emt 0:00:23]} 30. Rc2 {[%emt 0:00:58]} Rd7 {[%emt 0:05:13]} 31. f3 {[%emt 0:14:07]} Nf6 {[%emt 0:00:28]} 32. Kf2 {[%emt 0:00:58]} Rc7 {[%emt 0:01:55]} 33. Rc5 {[%emt 0:01:24]} b6 {[%emt 0:00:28]} 34. Rxc7 {[%emt 0:00:07]} Kxc7 {[%emt 0:00:02]} 35. Bf1 {[%emt 0:00:36]} Kd6 {[%emt 0:03:21]} 36. Bd3 {[%emt 0:00:59]} Ke6 {[%emt 0:00:15]} 37. Ke2 {[%emt 0:02:18]} g5 {[%emt 0:01:46]} 38. Kd2 {[%emt 0:01:50]} h5 {[%emt 0:02:05]} 39. Ke1 {[%emt 0:02:50]} h4 {[%emt 0:00:55]} 40. Kf2 {[%emt 0:00:00]} Ne8 {[%emt 0:00:00]} 41. e4 {[%emt 0:08:26]} fxe4 {[%emt 0:06:26]} 42. fxe4 {[%emt 0:00:10]} dxe4 {[%emt 0:00:11]} 43. Bxe4 {[%emt 0:00:41]} Nd6 {[%emt 0:00:15]} 44. Bf3 {[%emt 0:03:12]} Nb5 {[%emt 0:12:36]} 45. Ke3 {[%emt 0:01:48]} Nxa3 {[%emt 0:00:14]} 46. Ke4 {[%emt 0:01:56]} Nb5 {[%emt 0:05:48]} 47. Bg4+ {[%emt 0:01:37]} Kd6 {[%emt 0:04:03]} 48. Kf5 {[%emt 0:01:02]} a5 {[%emt 0:01:34]} 49. bxa5 {[%emt 0:00:18]} bxa5 {[%emt 0:00:04]} 50. Bd1 {[%emt 0:02:06]} Nxd4+ {[%emt 0:02:17]} 51. Kxg5 {[%emt 0:00:05]} a4 {[%emt 0:01:44]} 52. Bxa4 {[%emt 0:00:13]} Nf3+ {[%emt 0:00:04]} 53. Kg4 {[%emt 0:00:07]} Nxh2+ {[%emt 0:00:05]} 1/2-1/2